00365nam a2200133Ia 4500008004100000041000800041082001200049100003800061245002900099260005800128300000900186650001500195999002100210240109s9999 xx 000 0 und d aeng a658.562 aJuran Joseph M/ A Blanton Fodfrey aJurans Quality Handbook bMcGrawhill International Publication Company NewYork  aI-60 aManagement c1026629d1026629